|
|
|
|
| LEADER |
00000nab a2200000ua 4500 |
| 001 |
vtls010744275 |
| 003 |
SK-MaSNL |
| 005 |
20260304202155.0 |
| 008 |
250718s1936 xo |||||||||||||||||slo| |
| 035 |
|
|
|a (urnnbn)urn:nbn:sk:snk:ar-a03l34
|
| 035 |
|
|
|a (uuid)dd9e25c5-3d91-49be-b855-36c8178c3d84
|
| 035 |
|
|
|a urn:nbn:sk:snk-ab5cgn
|
| 040 |
|
|
|a SNKBUCL
|b slo
|c SNKBUCL
|e AACR2
|
| 041 |
0 |
|
|a slo
|
| 044 |
|
|
|a xo
|c SK
|
| 100 |
1 |
|
|a Červeňanský
|4 aut
|9 533278
|
| 245 |
1 |
0 |
|a Erich Lexer: Die pyogenen Infektionen und ihre Behandlung
|c Červeňanský
|
| 773 |
0 |
|
|t Bratislavské lekárske listy
|g Roč. 16, č. 12 (1936), s. 352-353
|
| 850 |
|
|
|a Slovenská národná knižnica
|
| 852 |
|
|
|a Slovenská národná knižnica
|
| 954 |
|
|
|a odborná, vedecká literatúra pôvodná (slovenská)
|2 lita
|
| 958 |
|
|
|a article3
|
| 958 |
|
|
|a OND
|
| 958 |
|
|
|a EUIPO
|
| 999 |
|
|
|c 3100992
|d 3102922
|